Disability and rehabilitation: An inclusive approach (Record no. 393817)

MARC details
000 -LEADER
fixed length control field 00614 a2200217 4500
005 - DATE & TIME
control field 20251231125713.0
008 - FIXED-LENGTH DATA ELEMENTS--GENERAL INFORMATION
fixed length control field 251231b |||||||| |||| 00| 0 eng d
020 ## - ISBN
International Standard Book Number 9789349202016
Price Rs. 995.00
040 ## - CATALOGING SOURCE
Original cataloging agency VIVEKANANDA LIBRARY
082 ## - DDC NUMBER
Classification number 362.4
Book Number R118D
100 ## - MAIN ENTRY--PERSONAL NAME
Personal name Radhey Shyam, ed.
245 ## - TITLE STATEMENT
Title Disability and rehabilitation: An inclusive approach
260 ## - PUBLICATION, DISTRIBUTION, ETC. (IMPRINT)
Name of publisher, distributor, etc V R Book International
Date of publication, distribution, etc 2025
Place of publication, distribution, etc New Delhi
300 ## - PHYSICAL DESCRIPTION
Pages xiii, 266
650 ## - Subject
Subject Disability Studies
650 ## - Subject
Subject Rehabilitation
650 ## - Subject
Subject Social Integration and Empowerment
700 ## - Added Entry Personal Name
Added Entry Personal Name Pratima Devi, ed.
700 ## - Added Entry Personal Name
Added Entry Personal Name Anusha, ed.
942 ## - ADDED ENTRY ELEMENTS (KOHA)
Koha item type Books
Holdings
Withdrawn status Lost status Source of classification or shelving scheme Damaged status Not for loan Location (home branch) Sublocation or collection (holding branch) Shelving location Date acquired Koha issues (times borrowed) Koha full call number Accession No. Koha date last seen Koha item type
    Dewey Decimal Classification     VIVEKANANDA LIBRARY VIVEKANANDA LIBRARY Centre for Disability Studies 02/12/2025   362.4 R118D 443329 02/12/2025 Books
    Dewey Decimal Classification     VIVEKANANDA LIBRARY VIVEKANANDA LIBRARY Centre for Disability Studies 02/12/2025   362.4 R118D 443327 02/12/2025 Books
    Dewey Decimal Classification     VIVEKANANDA LIBRARY VIVEKANANDA LIBRARY Centre for Disability Studies 02/12/2025   362.4 R118D 443330 02/12/2025 Books
    Dewey Decimal Classification     VIVEKANANDA LIBRARY VIVEKANANDA LIBRARY Centre for Disability Studies 02/12/2025   362.4 R118D 443331 02/12/2025 Books
    Dewey Decimal Classification     VIVEKANANDA LIBRARY VIVEKANANDA LIBRARY Centre for Disability Studies 02/12/2025   362.4 R118D 443328 02/12/2025 Books
© Designed and Maintained by Vivekananda Library, MDU Rohtak